Zach Bryan - The Great American Bar Scene (Album) - All Songs - Statistics

General Stats
  • This quiz has been taken 124 times
  • The average score is 14 of 19
Answer Stats
Answer % Correct
28
92%
The Great American Bar Scene
92%
American Nights
90%
Sandpaper
84%
Pink Skies
80%
Lucky Enough
77%
Mechanical Bull
75%
Bass Boat
74%
Oak Island
74%
Towers
74%
Bathwater
73%
Purple Gas
73%
Boons
72%
Better Days
71%
Memphis; The Blues
70%
Northern Thunder
68%
Like Ida
64%
The Way Back
64%
Funny Man
62%
No matching quizzes found
Score Distribution
Percent of People with Each Score
Percentile by Number Answered
Your Score History
You have not taken this quiz